书目信息 |
| 题名: |
HTML & XHTML权威指南
|
|
| 作者: | 穆西亚诺 , 肯尼迪 著 ;张洪涛 , 邢璐 译 | |
| 分册: | ||
| 出版信息: | 北京 清华大学出版社 2007.04 |
|
| 页数: | 661页 | |
| 开本: | 24cm | |
| 丛书名: | ||
| 单 册: | ||
| 中图分类: | TP393.092 | |
| 科图分类: | ||
| 主题词: | 网页--wang ye--制作--软件工具 , 计算机网络--ji suan ji wang luo--可扩充语言--程序设计 | |
| 电子资源: | ||
| ISBN: | 978-7-302-14693-3 | |
| 000 | 01305nam0 2200337 450 | |
| 001 | 012008834202 | |
| 005 | 20080422141533.34 | |
| 010 | @a978-7-302-14693-3@dCNY75.00 | |
| 100 | @a20080422d2007 em y0chiy0120 ea | |
| 101 | 1 | @achi@ceng |
| 102 | @aCN@b110000 | |
| 105 | @aa z 000yy | |
| 106 | @ar | |
| 200 | 1 | @aHTML & XHTML权威指南@AHTML&XHTML quan wei zhi nan@fChuck Musciano, Bill Kennedy著@FChuck Musciano,Bill Kennedy zhu@g张洪涛, 邢璐译@Gzhang hong tao,xing lu yi |
| 210 | @a北京@c清华大学出版社@d2007.04 | |
| 215 | @a661页@c图@d24cm | |
| 305 | @a据原书第6版译出 | |
| 306 | @a本书由O'Reilly Media.Inc.授权出版 | |
| 312 | @a英文并列题名取自封面 | |
| 314 | @a责任者规范汉译姓取自版权页 | |
| 330 | @a本书分为十七章,内容包括:HTML、XHTML和万维网,快速启动,剖析HTML文档,文本基础,分隔线、图像和多媒体,链接和Web等。 | |
| 500 | 10 | @aHTML & XHTML: the definitive guide@mChinese |
| 606 | 0 | @a网页@Awang ye@x制作@x软件工具 |
| 606 | 0 | @a计算机网络@Aji suan ji wang luo@x可扩充语言@x程序设计 |
| 690 | @aTP393.092@v4 | |
| 701 | 1 | @a穆西亚诺@Amu xi ya nuo@g(Musciano, Cbuck)@4著 |
| 701 | 1 | @a肯尼迪@Aken ni di@g(Kennedy, Bill)@4著 |
| 702 | 0 | @a张洪涛@Azhang hong tao@4译 |
| 702 | 0 | @a邢璐@Axing lu@4译 |
| 801 | 0 | @aCN@bQSSK@c20080422 |
| 905 | @b295921-22@dTP393.092@eM989@f2 | |
| HTML & XHTML权威指南/Chuck Musciano, Bill Kennedy著/张洪涛, 邢璐译.-北京:清华大学出版社,2007.04 |
| 661页:图;24cm |
| ISBN 978-7-302-14693-3:CNY75.00 |
| 本书分为十七章,内容包括:HTML、XHTML和万维网,快速启动,剖析HTML文档,文本基础,分隔线、图像和多媒体,链接和Web等。 |
| ● |
| 相关链接 |
|
|
|
正题名:HTML & XHTML权威指南
索取号:TP393.092/M989
 
预约/预借
| 序号 | 登录号 | 条形码 | 馆藏地/架位号 | 状态 | 备注 |
| 1 | 295921 | 202959218 | 自科库301/301自科库 127排2列6层/ [索取号:TP393.092/M989] | 在馆 | |
| 2 | 295922 | 202959227 | 自科库301/301自科库 127排2列6层/ [索取号:TP393.092/M989] | 在馆 |